| 000 | 00438nam a2200157Ia 4500 | ||
|---|---|---|---|
| 008 | 240729s9999 xx 000 0 und d | ||
| 022 | _a1847-8476 | ||
| 245 | 0 | _aActa Botanica Croatica | |
| 260 | _aCroatia | ||
| 260 | _bUniversity of Zagreb, Faculty of Science, Department of Biology | ||
| 650 | _a Botany | ||
| 650 | _aScience | ||
| 856 | _uhttps://doaj.org/toc/7586a5fb3ba443b1b58ead8a18d45f6e | ||
| 942 | _2ddc | ||
| 942 | _cDOAJEJ | ||
| 999 |
_c68856 _d68856 |
||
| 945 |
_a1 _bMadushi Gamage _c1 _dMadushi Gamage |
||